Ground failures under seismic conditions : (Record no. 549918)

000 -LEADER
fixed length control field 00996cam a2200229 a 4500
020 ## - INTERNATIONAL STANDARD BOOK NUMBER
International Standard Book Number 0784400555
082 00 - DEWEY DECIMAL CLASSIFICATION NUMBER
Classification number 624.151
Author Mark GRO
245 00 - TITLE STATEMENT
Title Ground failures under seismic conditions :
Remainder of title proceedings of the sessions sponsored by the Geotechnical Engineering Division of the American Society of Civil Engineers in conjunction with the ASCE National Convention in Atlanta, Georgia, October 9-13, 1994 /
Statement of responsibility, etc. edited by Shamsher Prakash and Panos Dakoulas.
260 ## - PUBLICATION, DISTRIBUTION, ETC.
Place of publication, distribution, etc. New York :
Name of publisher, distributor, etc. ASCE,
Date of publication, distribution, etc. c1994.
300 ## - PHYSICAL DESCRIPTION
Extent v, 261 p. :
Other physical details ill. ;
Dimensions 22 cm.
526 ## - STUDY PROGRAM INFORMATION NOTE
Program name 0
Interest level 0
Reading level 0
Title point value 624_151000000000000_GRO
650 #0 - SUBJECT ADDED ENTRY--TOPICAL TERM
Topical term or geographic name entry element Gravel
General subdivision Congresses.
9 (RLIN) 46630
650 #0 - SUBJECT ADDED ENTRY--TOPICAL TERM
Topical term or geographic name entry element MCE
9 (RLIN) 379
650 #0 - SUBJECT ADDED ENTRY--TOPICAL TERM
Topical term or geographic name entry element Seismic waves
General subdivision Congresses.
9 (RLIN) 46631
650 #0 - SUBJECT ADDED ENTRY--TOPICAL TERM
Topical term or geographic name entry element Silt
General subdivision Congresses.
9 (RLIN) 46632
650 #0 - SUBJECT ADDED ENTRY--TOPICAL TERM
Topical term or geographic name entry element Soil dynamics
General subdivision Congresses.
9 (RLIN) 46633
650 #0 - SUBJECT ADDED ENTRY--TOPICAL TERM
Topical term or geographic name entry element Soil liquefaction
General subdivision Congresses.
9 (RLIN) 46634
700 1# - ADDED ENTRY--PERSONAL NAME
Personal name Dakoulas, Panos.
9 (RLIN) 46635
700 1# - ADDED ENTRY--PERSONAL NAME
Personal name Prakash, Shamsher.
9 (RLIN) 26807
710 2# - ADDED ENTRY--CORPORATE NAME
Corporate name or jurisdiction name as entry element American Society of Civil Engineers.
9 (RLIN) 702
942 ## - ADDED ENTRY ELEMENTS (KOHA)
Source of classification or shelving scheme
Koha item type Book
Holdings
Withdrawn status Lost status Source of classification or shelving scheme Damaged status Not for loan Permanent Location Current Location Date acquired Total Checkouts Full call number Barcode Date last seen Date last checked out Price effective from Koha item type
          Military College of Engineering (MCE) Military College of Engineering (MCE) 10/16/2014 1 624.151 GRO MCE-43972 10/17/2014 10/17/2014 10/16/2014 Book
© 2023 Central Library, National University of Sciences and Technology. All Rights Reserved.